000 00426nam a2200181Ia 4500
005 20250220055738.0
008 240331s9999 xx 000 0 und d
020 _a8177200151
082 _bRAJ
_24951
_a954
100 _aRajadurai, S. V
245 0 _aPathi Pasu Pakistan
260 _aPuthanatham
_bAdaiyalam
_c2003
300 _a200 p.,
650 _aPakistan
650 _aIslam
650 _aSocial Science
942 _cL
999 _c4235
_d4235